[Event "BPB Limburg open B"]
[Site "Maastricht"]
[Date "2015.05.25"]
[Round "6"]
[White "De Coninck, Erik"]
[Black "Van Houtte, Randy"]
[Result "1/2-1/2"]
[WhiteElo "1827"]
[BlackElo "1956"]
[PlyCount "94"]
[EventDate "2015.05.22"]
[EventType "swiss"]
[EventRounds "7"]
[EventCountry "NED"]
[Source "P.Boonen"]
[SourceDate "2015.10.01"]

1. Nf3 g6 2. g3 Bg7 3. Bg2 c5 4. O-O Nc6 5. d3 e5 6. e4 Nge7 7. Nbd2 O-O 8. Nc4
d6 9. h4 h5 10. Bg5 Be6 11. Qd2 Qd7 12. Bh6 b5 13. Bxg7 Kxg7 14. Ne3 f6 15. c3
d5 16. exd5 Nxd5 17. Nxd5 Bxd5 18. Qe3 Qd6 19. a3 Rfe8 20. c4 bxc4 21. dxc4
Bxc4 22. Rfc1 Bf7 23. Qxc5 Qxc5 24. Rxc5 Ne7 25. Nd2 Rac8 26. Rac1 Rxc5 27.
Rxc5 Rc8 28. Rxc8 Nxc8 29. b4 Nd6 30. Ne4 Nxe4 31. Bxe4 Be8 32. Bc2 Kf7 33.
Bb3+ Ke7 34. f3 Kd6 35. Kf2 g5 36. Ke3 Bg6 37. a4 gxh4 38. gxh4 Kc6 39. Kd2 f5
40. Ke3 f4+ 41. Kf2 Kd6 42. Kg1 Be8 43. Kg2 Bc6 44. Kf2 Bd5 45. Bc2 Bf7 46. Be4
Be8 47. a5 Bf7 1/2-1/2

[Event "BPB Limburg open B"]
[Site "Maastricht"]
[Date "2015.05.25"]
[Round "6"]
[White "De Freytas, Paul"]
[Black "Larkin, Vladislav"]
[Result "1/2-1/2"]
[WhiteElo "1964"]
[BlackElo "1863"]
[PlyCount "43"]
[EventDate "2015.05.22"]
[EventType "swiss"]
[EventRounds "7"]
[EventCountry "NED"]
[Source "P.Boonen"]
[SourceDate "2015.10.01"]

1. Nf3 Nf6 2. c4 c5 3. d4 cxd4 4. Nxd4 b6 5. Nc3 Bb7 6. Bg5 e6 7. e3 Be7 8. Rc1
a6 9. Nf3 d6 10. Be2 Nbd7 11. O-O O-O 12. b3 Qc7 13. Nd4 Rac8 14. Bf3 Ne5 15.
Bxb7 Qxb7 16. Bh4 Ng6 17. Bg3 d5 18. cxd5 Nxd5 19. Qf3 Qd7 20. Nxd5 Qxd5 21.
Qxd5 exd5 22. Rfd1 1/2-1/2

[Event "BPB Limburg open B"]
[Site "Maastricht"]
[Date "2015.05.25"]
[Round "6"]
[White "De Mon, Gino"]
[Black "Jansen, Ingeborg"]
[Result "1/2-1/2"]
[WhiteElo "1855"]
[BlackElo "1840"]
[PlyCount "81"]
[EventDate "2015.05.22"]
[EventType "swiss"]
[EventRounds "7"]
[EventCountry "NED"]
[Source "P.Boonen"]
[SourceDate "2015.10.01"]

1. c4 e5 2. g3 d6 3. Nc3 f5 4. Nf3 Nf6 5. d4 e4 6. Nh4 g6 7. Bg5 Bg7 8. e3 Be6
9. f3 exf3 10. Qxf3 Nbd7 11. Bd3 Bf7 12. O-O h6 13. Bxf6 Bxf6 14. e4 Bxd4+ 15.
Kg2 Ne5 16. Qe2 f4 17. Nd5 c6 18. Nxf4 Qd7 19. Nf3 Bb6 20. Nxe5 dxe5 21. Nh3
O-O-O 22. Rad1 Be6 23. Nf2 h5 24. c5 Bxc5 25. Bc4 Bd4 26. b3 g5 27. a4 g4 28.
Bxe6 Qxe6 29. b4 Rhf8 30. b5 c5 31. h3 Bxf2 32. Rxd8+ Kxd8 33. Rxf2 gxh3+ 34.
Kh2 Rxf2+ 35. Qxf2 b6 36. a5 Ke7 37. Qd2 Qg4 38. Qd5 Qe6 39. Qd2 Qg4 40. Qd5
Qe6 41. Qd2 1/2-1/2

[Event "BPB Limburg open B"]
[Site "Maastricht"]
[Date "2015.05.25"]
[Round "6"]
[White "Decruyenaere, Robbert"]
[Black "Kronseder, Michael"]
[Result "1-0"]
[WhiteElo "1697"]
[BlackElo "1809"]
[PlyCount "47"]
[EventDate "2015.05.22"]
[EventType "swiss"]
[EventRounds "7"]
[EventCountry "NED"]
[Source "P.Boonen"]
[SourceDate "2015.10.01"]

1. d4 c5 2. d5 d6 3. c4 e5 4. Nc3 Be7 5. e4 Bg5 6. Nf3 Bxc1 7. Qxc1 Ne7 8. Bd3
Ng6 9. O-O Bg4 10. Qe3 Nd7 11. a3 Nf6 12. b4 b6 13. Ra2 Nf4 14. Rb1 g5 15. Ne1
Qd7 16. f3 h5 17. Be2 O-O-O 18. bxc5 dxc5 19. a4 Bh3 20. g3 Rdg8 21. a5 Ng4 22.
fxg4 Nxe2+ 23. Nxe2 hxg4 24. axb6 1-0

[Event "BPB Limburg open B"]
[Site "Maastricht"]
[Date "2015.05.25"]
[Round "6"]
[White "Erikstad, Olav"]
[Black "Blijlevens, Pim"]
[Result "0-1"]
[WhiteElo "1853"]
[BlackElo "1943"]
[PlyCount "78"]
[EventDate "2015.05.22"]
[EventType "swiss"]
[EventRounds "7"]
[EventCountry "NED"]
[Source "P.Boonen"]
[SourceDate "2015.10.01"]

1. e4 e6 2. d4 d5 3. e5 c5 4. c3 Nc6 5. Nf3 Bd7 6. Bd3 Qc7 7. O-O cxd4 8. cxd4
Nb4 9. Nc3 Nxd3 10. Qxd3 Ne7 11. Bd2 a6 12. Rac1 Qb8 13. Rfe1 b5 14. a3 Qb6 15.
Be3 Nc6 16. h4 O-O-O 17. Bg5 Re8 18. Bd2 Kb7 19. Be3 Rc8 20. Ng5 f6 21. exf6
gxf6 22. Nf7 Rg8 23. Qxh7 Ne7 24. Qd3 Nf5 25. Bf4 Rc4 26. Ne2 Be8 27. Nd6+ Bxd6
28. Bxd6 Qxd6 29. Ng3 Bg6 30. h5 Nxg3 31. hxg6 Nf5 32. Rxc4 bxc4 33. Qh3 Rxg6
34. g4 Rh6 35. Qg2 Nxd4 36. Re3 Qf4 37. b4 Nc2 38. Rxe6 Qc1+ 39. Qf1 Rh1+ 0-1

[Event "BPB Limburg open B"]
[Site "Maastricht"]
[Date "2015.05.25"]
[Round "6"]
[White "Feltman, Bart"]
[Black "Bishoen, B."]
[Result "0-1"]
[WhiteElo "1806"]
[BlackElo "1932"]
[PlyCount "24"]
[EventDate "2015.05.22"]
[EventType "swiss"]
[EventRounds "7"]
[EventCountry "NED"]
[Source "P.Boonen"]
[SourceDate "2015.10.01"]

1. b4 e5 2. Bb2 Bxb4 3. Bxe5 Nf6 4. Nf3 O-O 5. e3 Re8 6. c4 Nc6 7. Bb2 d5 8.
Nc3 d4 9. Nd5 Nxd5 10. cxd5 Qxd5 11. Qe2 Bg4 12. a3 Qb3 0-1

[Event "BPB Limburg open B"]
[Site "Maastricht"]
[Date "2015.05.25"]
[Round "6"]
[White "Fortenbacher, Florian"]
[Black "Dietz, Jonas"]
[Result "1-0"]
[WhiteElo "1678"]
[BlackElo "1744"]
[PlyCount "57"]
[EventDate "2015.05.22"]
[EventType "swiss"]
[EventRounds "7"]
[EventCountry "NED"]
[Source "P.Boonen"]
[SourceDate "2015.10.01"]

1. e4 e6 2. Nf3 d5 3. Nc3 dxe4 4. Nxe4 Nf6 5. Nxf6+ Qxf6 6. d4 h6 7. Bd3 Bd6 8.
O-O O-O 9. c3 Bd7 10. Re1 Nc6 11. Bd2 Kh8 12. Qc1 Rfe8 13. Ng5 Bf8 14. Ne4 Qe7
15. Bf4 Qd8 16. Ng3 g5 17. Bd2 f5 18. Qd1 Qf6 19. Qf3 Rab8 20. Ne2 Ne7 21. c4
Bg7 22. Bc3 Qf7 23. g4 Bc6 24. Qh3 f4 25. d5 exd5 26. Qxh6+ Kg8 27. Qxg5 dxc4
28. Bxc4 Bd5 29. Bxd5 1-0

[Event "BPB Limburg open B"]
[Site "Maastricht"]
[Date "2015.05.25"]
[Round "6"]
[White "Frijling, Jeroen"]
[Black "Da Ces, Philippe"]
[Result "0-1"]
[WhiteElo "1836"]
[BlackElo "1976"]
[PlyCount "28"]
[EventDate "2015.05.22"]
[EventType "swiss"]
[EventRounds "7"]
[EventCountry "NED"]
[Source "P.Boonen"]
[SourceDate "2015.10.01"]

1. d4 d5 2. c4 c6 3. Nf3 Nf6 4. Nc3 dxc4 5. a4 Bf5 6. Ne5 Na6 7. e3 Nb4 8. Bxc4
e6 9. O-O Bd6 10. Nd3 Bxh2+ 11. Kxh2 Ng4+ 12. Kg3 Qg5 13. e4 Ne3+ 14. Kh2 Qxg2#
0-1

[Event "BPB Limburg open B"]
[Site "Maastricht"]
[Date "2015.05.25"]
[Round "6"]
[White "Geboers, Jimmy"]
[Black "Hoefken, Tom"]
[Result "1-0"]
[WhiteElo "1889"]
[BlackElo "1878"]
[PlyCount "59"]
[EventDate "2015.05.22"]
[EventType "swiss"]
[EventRounds "7"]
[EventCountry "NED"]
[Source "P.Boonen"]
[SourceDate "2015.10.01"]

1. d4 Nf6 2. c4 g6 3. Nc3 d5 4. f3 Bg7 5. e4 dxc4 6. Bxc4 O-O 7. Be3 c5 8. dxc5
Qa5 9. Qa4 Qxa4 10. Nxa4 Nc6 11. O-O-O Nd7 12. Ne2 Nde5 13. Bb5 Be6 14. Nac3 a6
15. Bxc6 Nxc6 16. Nd5 Rad8 17. Nef4 Bxd5 18. exd5 g5 19. dxc6 gxf4 20. c7 Rc8
21. Bxf4 e5 22. Be3 Rxc7 23. Kb1 Rfc8 24. Rd5 f6 25. Rhd1 Kf7 26. Rd7+ Kg6 27.
g4 Bh6 28. Bf2 Bf4 29. h4 f5 30. R1d6# 1-0

[Event "BPB Limburg open B"]
[Site "Maastricht"]
[Date "2015.05.25"]
[Round "6"]
[White "Heijenrath, Jan"]
[Black "Tamminga, Meile"]
[Result "1/2-1/2"]
[WhiteElo "1740"]
[BlackElo "1825"]
[PlyCount "125"]
[EventDate "2015.05.22"]
[EventType "swiss"]
[EventRounds "7"]
[EventCountry "NED"]
[Source "P.Boonen"]
[SourceDate "2015.10.01"]

1. e4 e5 2. Nf3 Nc6 3. Bb5 a6 4. Ba4 Nf6 5. O-O d6 6. h3 Bd7 7. Re1 g6 8. c3
Bg7 9. d4 b5 10. Bb3 O-O 11. dxe5 Nxe5 12. Nxe5 dxe5 13. Nd2 c5 14. Nf3 Qc7 15.
Bg5 c4 16. Bc2 h6 17. Bh4 Bc6 18. Bg3 Nh5 19. Bh2 Nf4 20. Bxf4 exf4 21. Qe2
Rad8 22. Rad1 Bb7 23. Rxd8 Rxd8 24. Rd1 Re8 25. Qd2 Bxe4 26. Bxe4 Rxe4 27. Qd8+
Qxd8 28. Rxd8+ Bf8 29. Kf1 Kg7 30. Ra8 Re6 31. Nd4 Rb6 32. Rc8 Bd6 33. Ke2 b4
34. Rxc4 bxc3 35. Rxc3 Rxb2+ 36. Rc2 Rxc2+ 37. Nxc2 Bc5 38. Kf3 g5 39. Ne1 f5
40. Nd3 Bd4 41. Nb4 a5 42. Nc6 Bc3 43. Ke2 a4 44. Kd3 Ba1 45. Kc4 a3 46. Kb3
Bb2 47. Nb4 Kf6 48. Nd3 Bd4 49. Kxa3 g4 50. h4 Ke7 51. Kb3 Kd6 52. Kc4 Bf6 53.
h5 Bg5 54. Kd4 Bf6+ 55. Kc4 Bg5 56. f3 gxf3 57. gxf3 Ke6 58. a4 Bd8 59. Nxf4+
Kf6 60. Nh3 Ke5 61. Kc5 Bc7 62. Kc4 Bd8 63. Kc5 1/2-1/2

[Event "BPB Limburg open B"]
[Site "Maastricht"]
[Date "2015.05.25"]
[Round "6"]
[White "Heuts, John"]
[Black "Iov, Dmitrii"]
[Result "1/2-1/2"]
[WhiteElo "1880"]
[BlackElo "1916"]
[PlyCount "64"]
[EventDate "2015.05.22"]
[EventType "swiss"]
[EventRounds "7"]
[EventCountry "NED"]
[Source "P.Boonen"]
[SourceDate "2015.10.01"]

1. c4 c6 2. d4 d5 3. Nf3 Nf6 4. Nc3 e6 5. Bg5 Be7 6. e3 h6 7. Bh4 O-O 8. Bd3
dxc4 9. Bxc4 b5 10. Be2 a6 11. Ne5 Bb7 12. Bf3 Qb6 13. O-O c5 14. dxc5 Bxc5 15.
Bxf6 gxf6 16. Bxb7 Qxb7 17. Qg4+ Kh7 18. Ne4 Be7 19. Qf3 Qd5 20. Nxf6+ Bxf6 21.
Qxf6 Nd7 22. Nxd7 Qxd7 23. Rfd1 Qb7 24. Rd4 Rg8 25. g3 Rg6 26. Qe5 Rg5 27. Qd6
Rc8 28. Rad1 Rc6 29. Qd7 Rc7 30. Qd8 Rc8 31. Qd7 Rc7 32. Qd8 Rc8 1/2-1/2

[Event "BPB Limburg open B"]
[Site "Maastricht"]
[Date "2015.05.25"]
[Round "6"]
[White "Hilwerda, Jonas"]
[Black "Beukema, Jasper"]
[Result "1/2-1/2"]
[WhiteElo "1716"]
[BlackElo "1933"]
[PlyCount "131"]
[EventDate "2015.05.22"]
[EventType "swiss"]
[EventRounds "7"]
[EventCountry "NED"]
[Source "P.Boonen"]
[SourceDate "2015.10.01"]

1. e4 c6 2. Nc3 d5 3. Qf3 dxe4 4. Nxe4 Nf6 5. b3 Qd4 6. Nxf6+ Qxf6 7. Rb1 Bf5
8. d3 e6 9. Bb2 Bb4+ 10. Kd1 Qe7 11. Ne2 f6 12. Ng3 Bg6 13. h4 h5 14. Be2 Nd7
15. Ne4 O-O-O 16. Qe3 Nb6 17. Bf3 e5 18. Ng3 Kb8 19. Ke2 Nd5 20. Bxd5 cxd5 21.
Rbc1 Rhe8 22. Kf1 f5 23. Qg5 Qf7 24. Bxe5+ Kc8 25. d4 f4 26. Qxf4 Qxf4 27. Bxf4
Rf8 28. Be3 Rde8 29. Kg1 Ba3 30. Re1 Bb4 31. Rc1 Bd6 32. Kh2 Re4 33. Kh3 Rg4
34. c4 Be7 35. cxd5+ Kd7 36. Kh2 Bxh4 37. Rc3 Be7 38. f3 Rh4+ 39. Kg1 Rxh1+ 40.
Nxh1 Bd6 41. Nf2 Re8 42. Nd1 Bf7 43. Kf2 Bxd5 44. Nb2 Be6 45. Nd3 Bd5 46. Bf4
Be7 47. Ne5+ Kd8 48. Ng6 Bb4 49. Re3 Rxe3 50. Kxe3 Kd7 51. Ne5+ Ke6 52. Nd3 Be7
53. Bb8 g5 54. Bxa7 Bd6 55. Bc5 Bc7 56. Nb4 Bf4+ 57. Kf2 g4 58. fxg4 hxg4 59.
Nxd5 Kxd5 60. a4 Ke4 61. b4 Kd5 62. b5 Kc4 63. Ke2 Bg5 64. Kf2 Bf4 65. Ke2 Bg5
66. Kf2 1/2-1/2

[Event "BPB Limburg open B"]
[Site "Maastricht"]
[Date "2015.05.25"]
[Round "6"]
[White "Holwijn, Melvin"]
[Black "Kuijpers, Domien"]
[Result "1-0"]
[WhiteElo "1927"]
[BlackElo "1830"]
[PlyCount "57"]
[EventDate "2015.05.22"]
[EventType "swiss"]
[EventRounds "7"]
[EventCountry "NED"]
[Source "P.Boonen"]
[SourceDate "2015.10.01"]

1. d4 d5 2. Nf3 Nf6 3. c4 e6 4. Nc3 c6 5. cxd5 exd5 6. Bg5 Be7 7. Qc2 Bg4 8. e3
O-O 9. Bd3 Nbd7 10. Ne5 h6 11. Bxf6 Nxf6 12. Nxg4 Nxg4 13. h3 Nf6 14. g4 Nd7
15. O-O-O g5 16. Rdg1 Kg7 17. h4 Rh8 18. hxg5 hxg5 19. Rh5 Rxh5 20. gxh5 Kh6
21. Ne2 Bd6 22. Ng3 Bxg3 23. Rxg3 Nf8 24. f4 f6 25. Qf2 Qe7 26. fxg5+ fxg5 27.
Rf3 Nd7 28. Rf7 Rf8 29. Rxe7 1-0

[Event "BPB Limburg open B"]
[Site "Maastricht"]
[Date "2015.05.25"]
[Round "6"]
[White "Hoornstra, Hans"]
[Black "Bondarchuk, Vadim"]
[Result "1-0"]
[WhiteElo "1955"]
[BlackElo "2034"]
[PlyCount "117"]
[EventDate "2015.05.22"]
[EventType "swiss"]
[EventRounds "7"]
[EventCountry "NED"]
[Source "P.Boonen"]
[SourceDate "2015.10.01"]

1. e4 e5 2. d4 exd4 3. Bc4 d6 4. Nf3 Be7 5. Nxd4 Nf6 6. Nc3 O-O 7. f3 Re8 8.
Be3 c6 9. Qd2 b5 10. Bb3 a6 11. a3 Qc7 12. Bg5 d5 13. O-O dxe4 14. fxe4 Bg4 15.
Nf5 Bc5+ 16. Kh1 Bxf5 17. Rxf5 Nbd7 18. Bxf6 gxf6 19. Qh6 Bf8 20. Qh5 Re7 21.
e5 Nxe5 22. Ne4 Nd7 23. Rxf6 Ne5 24. Ng5 Bg7 25. Qxh7+ Kf8 26. Raf1 Bxf6 27.
Rxf6 Rd7 28. Ne6+ Ke7 29. Rxf7+ Nxf7 30. Qh4+ Kd6 31. Nxc7 Kxc7 32. h3 Nd6 33.
a4 c5 34. Qg5 Kb6 35. a5+ Kxa5 36. Qxc5 Rc8 37. Qd5 Rcd8 38. c4 Nxc4 39. Qg5
Nxb2 40. Kh2 Nd3 41. Be6 Rd6 42. h4 Re8 43. Qd2+ b4 44. Bc4 Red8 45. Qa2+ Kb6
46. Qxa6+ Kc7 47. Qa5+ Rb6 48. Qf5 Rbd6 49. Bxd3 Rxd3 50. Qc5+ Kd7 51. Qxb4 Ke6
52. Qf4 R8d4 53. Qg5 Kf7 54. h5 Rd6 55. h6 R3d5 56. Qg7+ Ke8 57. g4 Rd2+ 58.
Kg3 R2d3+ 59. Kh4 1-0

[Event "BPB Limburg open B"]
[Site "Maastricht"]
[Date "2015.05.25"]
[Round "6"]
[White "Kalle, Erwin"]
[Black "Goes, Dirk"]
[Result "1-0"]
[WhiteElo "1744"]
[BlackElo "1936"]
[PlyCount "35"]
[EventDate "2015.05.22"]
[EventType "swiss"]
[EventRounds "7"]
[EventCountry "NED"]
[Source "P.Boonen"]
[SourceDate "2015.10.01"]

1. d4 e6 2. e4 d5 3. Nd2 Nf6 4. e5 Nfd7 5. Bd3 c5 6. c3 Nc6 7. Ne2 Qb6 8. Nf3
Be7 9. O-O f6 10. exf6 Nxf6 11. Re1 O-O 12. Nf4 Nd8 13. Ng5 Re8 14. Nxh7 cxd4
15. Nxf6+ Bxf6 16. Qh5 Nf7 17. Bh7+ Kf8 18. Ng6# 1-0

[Event "BPB Limburg open B"]
[Site "Maastricht"]
[Date "2015.05.25"]
[Round "6"]
[White "Kastelein, Gerard"]
[Black "Toll, Maarten"]
[Result "1-0"]
[WhiteElo "1816"]
[BlackElo "1886"]
[PlyCount "104"]
[EventDate "2015.05.22"]
[EventType "swiss"]
[EventRounds "7"]
[EventCountry "NED"]
[Source "P.Boonen"]
[SourceDate "2015.10.01"]

1. d4 d5 2. Bf4 Nc6 3. c4 e6 4. Nc3 Nf6 5. e3 g6 6. Nf3 Bg7 7. Nb5 O-O 8. Nxc7
Rb8 9. Nb5 Ra8 10. Bd6 Ne7 11. c5 Ne4 12. Nc7 Rb8 13. Nxe6 Bxe6 14. Bxb8 Qa5+
15. Nd2 Rxb8 16. Bd3 Nf6 17. a3 Qc7 18. b4 Ng4 19. h3 Nh6 20. O-O Qd7 21. b5
Nhf5 22. Qf3 g5 23. g4 Nh4 24. Qg3 Rf8 25. f4 f6 26. fxg5 fxg5 27. Rxf8+ Bxf8
28. Rf1 Bf7 29. Bxh7+ Kxh7 30. Rxf7+ Kg8 31. Qf2 Nhg6 32. Qf6 Qxb5 33. Rxf8+
Nxf8 34. Qxe7 Qe2 35. Qxg5+ Kh7 36. Qe7+ Kg8 37. Qg5+ Kh7 38. Qf5+ Ng6 39. Nf1
Qa2 40. h4 Kg7 41. h5 Ne7 42. h6+ Kxh6 43. g5+ Kh5 44. Qh7+ Kxg5 45. Qxe7+ Kf5
46. Qe5+ Kg4 47. Qf4+ Kh5 48. Ng3+ Kg6 49. Qf5+ Kh6 50. Qf6+ Kh7 51. Nf5 Qb1+
52. Kf2 Qc2+ 1-0

[Event "BPB Limburg open B"]
[Site "Maastricht"]
[Date "2015.05.25"]
[Round "6"]
[White "Keetman, Sandra"]
[Black "Kaufung, Christian"]
[Result "1/2-1/2"]
[WhiteElo "1710"]
[BlackElo "1822"]
[PlyCount "82"]
[EventDate "2015.05.22"]
[EventType "swiss"]
[EventRounds "7"]
[EventCountry "NED"]
[Source "P.Boonen"]
[SourceDate "2015.10.01"]

1. e4 e5 2. Nf3 Nf6 3. Nc3 d6 4. h3 Be7 5. Bc4 O-O 6. d3 Nc6 7. Be3 Be6 8. Bb3
Qd7 9. Ng5 Bxb3 10. axb3 h6 11. Nf3 a6 12. Qd2 Nh7 13. O-O f5 14. exf5 Rxf5 15.
Nh2 Raf8 16. Ra4 Bg5 17. Rg4 Bxe3 18. Qxe3 Kh8 19. Ne2 Nf6 20. Rh4 Nd5 21. Qe4
Qe7 22. Nf3 Nf4 23. Nxf4 Rxf4 24. Rxf4 Rxf4 25. Qg6 Rf6 26. Qe4 Qf7 27. Kh2 Rf4
28. Qe3 Kg8 29. Qd2 Qd5 30. c4 Qf7 31. Qe3 Nb4 32. Qd2 c5 33. Qe3 Qf5 34. Rd1
Nc2 35. Qd2 Nb4 36. Qe3 Qf7 37. Rf1 Qf6 38. Qe2 Qf5 39. Rd1 g5 40. Kg1 Kg7 41.
Qe3 Qf7 1/2-1/2

[Event "BPB Limburg open B"]
[Site "Maastricht"]
[Date "2015.05.25"]
[Round "6"]
[White "Klein, Gernot"]
[Black "Mestrom, Wolf"]
[Result "1/2-1/2"]
[WhiteElo "1971"]
[BlackElo "1834"]
[PlyCount "88"]
[EventDate "2015.05.22"]
[EventType "swiss"]
[EventRounds "7"]
[EventCountry "NED"]
[Source "P.Boonen"]
[SourceDate "2015.10.01"]

1. e4 c5 2. Nf3 d6 3. d4 cxd4 4. Nxd4 Nf6 5. Nc3 a6 6. Be3 e5 7. Nf3 Be7 8. Bc4
Be6 9. Bxe6 fxe6 10. Ng5 Qc8 11. Qf3 O-O 12. Qh3 d5 13. Qxe6+ Qxe6 14. Nxe6 d4
15. Nxf8 Bxf8 16. Bd2 dxc3 17. Bxc3 Nxe4 18. Bxe5 Nc6 19. Bf4 Bc5 20. O-O Nd4
21. Rae1 Nxf2 22. Rxf2 Nxc2 23. Rc1 Bxf2+ 24. Kxf2 Rf8 25. Rxc2 Rxf4+ 26. Ke3
Rb4 27. b3 Kf7 28. Rc7+ Kf6 29. Kd3 h5 30. Kc3 Rb6 31. Kd4 Rd6+ 32. Ke3 Rb6 33.
g3 g6 34. Kf3 Rb4 35. h3 a5 36. Rc3 a4 37. bxa4 Rxa4 38. a3 Rd4 39. Rb3 Rd7 40.
Rb6+ Kf5 41. Rb5+ Kf6 42. Ke4 Rc7 43. Rb6+ Kg5 44. h4+ Kh6 {.....} 1/2-1/2

[Event "BPB Limburg open B"]
[Site "Maastricht"]
[Date "2015.05.25"]
[Round "6"]
[White "Koelmans, Jan Willem"]
[Black "Willockx, Ritsaart"]
[Result "1/2-1/2"]
[WhiteElo "1905"]
[BlackElo "1908"]
[PlyCount "65"]
[EventDate "2015.05.22"]
[EventType "swiss"]
[EventRounds "7"]
[EventCountry "NED"]
[Source "P.Boonen"]
[SourceDate "2015.10.01"]

1. d4 d5 2. c4 c6 3. cxd5 cxd5 4. Nc3 Nc6 5. e4 Nf6 6. e5 Ne4 7. Nf3 Bg4 8. Be2
Nxc3 9. bxc3 e6 10. O-O Be7 11. h3 Bh5 12. Be3 O-O 13. Rc1 Na5 14. Nd2 Bxe2 15.
Qxe2 Rc8 16. c4 dxc4 17. Nxc4 b5 18. Nxa5 Qxa5 19. Rfd1 a6 20. d5 Rxc1 21. Bxc1
exd5 22. Rxd5 Rd8 23. Rxd8+ Qxd8 24. e6 Qd5 25. exf7+ Kxf7 26. Bf4 Bf6 27. Qc2
Qc4 28. Qf5 Qxa2 29. Qd7+ Kg6 30. Qg4+ Kf7 31. Qd7+ Kg6 32. Qg4+ Kf7 33. Qd7+
1/2-1/2

[Event "BPB Limburg open B"]
[Site "Maastricht"]
[Date "2015.05.25"]
[Round "6"]
[White "Kuehn, Patrick1"]
[Black "Behr, Rene"]
[Result "1-0"]
[WhiteElo "2039"]
[BlackElo "1881"]
[PlyCount "37"]
[EventDate "2015.05.22"]
[EventType "swiss"]
[EventRounds "7"]
[EventCountry "NED"]
[Source "P.Boonen"]
[SourceDate "2015.10.01"]

1. e4 c5 2. Nf3 d6 3. Bb5+ Nd7 4. d4 a6 5. Bxd7+ Bxd7 6. dxc5 dxc5 7. Nc3 e6 8.
Bf4 Bb5 9. a4 Bc6 10. Qe2 Nf6 11. Ne5 Qb6 12. Nc4 Qb4 13. O-O b5 14. axb5 axb5
15. Rxa8+ Bxa8 16. Nxb5 Bxe4 17. Nc7+ Ke7 18. Rd1 Nd5 19. Rxd5 1-0

[Event "BPB Limburg open B"]
[Site "Maastricht"]
[Date "2015.05.25"]
[Round "6"]
[White "Leentjens, Gilbert"]
[Black "Ouwersloot, Hans"]
[Result "0-1"]
[WhiteElo "1818"]
[BlackElo "1983"]
[PlyCount "110"]
[EventDate "2015.05.22"]
[EventType "swiss"]
[EventRounds "7"]
[EventCountry "NED"]
[Source "P.Boonen"]
[SourceDate "2015.10.01"]

1. e4 e5 2. Nc3 Nf6 3. f4 d5 4. fxe5 Nxe4 5. Nf3 Nxc3 6. dxc3 Be7 7. Bf4 Bg4 8.
Bd3 Nd7 9. Qe2 Nc5 10. O-O-O Ne6 11. Be3 O-O 12. h3 Bxf3 13. gxf3 Bg5 14. Qd2
Bxe3 15. Qxe3 Qg5 16. Qxg5 Nxg5 17. f4 Ne6 18. f5 Nc5 19. b4 Na4 20. Kd2 Rad8
21. Rdg1 a6 22. Rg4 Rfe8 23. Rhg1 g6 24. e6 fxe6 25. fxg6 h6 26. Rh4 Kg7 27.
Rf1 Rf8 28. Rf7+ Rxf7 29. gxf7 Rf8 30. Rg4+ Kxf7 31. Rh4 Rh8 32. b5 axb5 33.
Bxb5 Nc5 34. Bd3 Ke7 35. c4 c6 36. cxd5 cxd5 37. c4 Rd8 38. Kc2 Nxd3 39. Kxd3
dxc4+ 40. Kxc4 Rh8 41. Kc5 Kf6 42. a4 e5 43. Kd6 h5 44. Rb4 Rh7 45. Rb5 e4 46.
h4 e3 47. Rb3 Re7 48. Rb1 e2 49. Re1 Re6+ 50. Kc7 b6 51. Kd7 Kf5 52. Kc7 Kf4
53. Kd7 Re3 54. Kc6 Kf3 55. Kxb6 Kf2 0-1

[Event "BPB Limburg open B"]
[Site "Maastricht"]
[Date "2015.05.25"]
[Round "6"]
[White "Leontiev, Oleg"]
[Black "Van Roon, Sjoerd"]
[Result "0-1"]
[WhiteElo "1929"]
[BlackElo "1853"]
[PlyCount "138"]
[EventDate "2015.05.22"]
[EventType "swiss"]
[EventRounds "7"]
[EventCountry "NED"]
[Source "P.Boonen"]
[SourceDate "2015.10.01"]

1. d4 Nf6 2. c4 e5 3. d5 Bc5 4. e3 d6 5. Be2 O-O 6. Nc3 Bf5 7. Nf3 Nbd7 8. O-O
Bg6 9. Na4 Bb6 10. Nxb6 axb6 11. Nh4 Nc5 12. Nxg6 hxg6 13. f3 Kh7 14. b4 Ncd7
15. e4 Rh8 16. Bg5 Qe8 17. Qd2 Kg8 18. Bd3 Nh7 19. Be3 f6 20. Rf2 g5 21. g3
Nhf8 22. Rc1 Ng6 23. c5 bxc5 24. bxc5 dxc5 25. Bxc5 Nxc5 26. Rxc5 c6 27. dxc6
bxc6 28. Bc4+ Kh7 29. Qd6 Ne7 30. Bb3 Rf8 31. Rd2 Rd8 32. Qxd8 Qxd8 33. Rxd8
Rxd8 34. Rc2 Kg6 35. Kf2 Kh5 36. h3 Kg6 37. a4 Rh8 38. Be6 Ra8 39. Rc4 Ra5 40.
Ke2 f5 41. Kd3 f4 42. g4 Kf6 43. Bd7 Ra6 44. Kc3 Kf7 45. Kb3 Kf6 46. Rc5 Rb6+
47. Kc4 Rb2 48. a5 Rf2 49. a6 Ra2 50. Kb4 Rxa6 51. Rc3 Ra1 52. Bxc6 Rh1 53. Be8
Rxh3 54. Ra3 g6 55. Kc5 Rh1 56. Rd3 Rc1+ 57. Kd6 Ra1 58. Bb5 Ra7 59. Kc5 Nc8
60. Rd8 Rc7+ 61. Kb4 Na7 62. Rd6+ Ke7 63. Rb6 Kf7 64. Rb8 Nc8 65. Bc4+ Kg7 66.
Bd5 Ne7 67. Rd8 Nc8 68. Kb3 Rc1 69. Rd7+ Kf8 {.....} 0-1

[Event "BPB Limburg open B"]
[Site "Maastricht"]
[Date "2015.05.25"]
[Round "6"]
[White "Londers, Jan"]
[Black "Persoons, Bart"]
[Result "1-0"]
[WhiteElo "1835"]
[BlackElo "1759"]
[PlyCount "59"]
[EventDate "2015.05.22"]
[EventType "swiss"]
[EventRounds "7"]
[EventCountry "NED"]
[Source "P.Boonen"]
[SourceDate "2015.10.01"]

1. e4 c6 2. d4 d5 3. exd5 cxd5 4. c4 Nf6 5. Nc3 e6 6. Nf3 Bb4 7. cxd5 Nxd5 8.
Qb3 O-O 9. Bd3 Nc6 10. O-O Be7 11. Be3 Ncb4 12. Be2 Nb6 13. Rfd1 Bd7 14. Ne5
Bc6 15. Nxc6 bxc6 16. Rac1 Qd7 17. Ne4 Qd5 18. Qxd5 cxd5 19. Nc3 Nc6 20. Nxd5
Nxd5 21. Rxc6 Rab8 22. b3 Rfc8 23. Rdc1 Rxc6 24. Rxc6 Bf6 25. a4 h6 26. Bb5 Nb4
27. Rc7 a6 28. Bc4 Bd8 29. Rd7 Kh7 30. Rxf7 1-0

[Event "BPB Limburg open B"]
[Site "Maastricht"]
[Date "2015.05.25"]
[Round "6"]
[White "Loose, Rob"]
[Black "Cote, Frederic"]
[Result "1-0"]
[WhiteElo "1908"]
[BlackElo "1950"]
[PlyCount "77"]
[EventDate "2015.05.22"]
[EventType "swiss"]
[EventRounds "7"]
[EventCountry "NED"]
[Source "P.Boonen"]
[SourceDate "2015.10.01"]

1. e4 c5 2. Nf3 a6 3. c3 d5 4. exd5 Qxd5 5. d4 e6 6. Bd3 Nf6 7. O-O Be7 8. Re1
cxd4 9. cxd4 O-O 10. Nc3 Qd6 11. Bg5 Nc6 12. Bxf6 Bxf6 13. Ne4 Qd8 14. Nxf6+
Qxf6 15. Be4 g6 16. Bxc6 bxc6 17. Ne5 Rd8 18. Rc1 Bb7 19. Qb3 Rab8 20. Qe3 Rd5
21. Rc4 Rbd8 22. h3 h5 23. a3 Kg7 24. Rb4 Ba8 25. Qc3 Qg5 26. Nf3 Qf4 27. Rc4
Kg8 28. Qb4 Rb8 29. Qc3 Rdb5 30. d5 Qd6 31. dxe6 fxe6 32. Qf6 Qd3 33. Qxe6+ Kh8
34. Ne5 Qd2 35. Nxg6+ Kg7 36. Rf4 Rxb2 37. Rf7+ Kh6 38. Nh4+ Kg5 39. Nf3# 1-0

[Event "BPB Limburg open B"]
[Site "Maastricht"]
[Date "2015.05.25"]
[Round "6"]
[White "Mestrom, Ton"]
[Black "Bosboom, Ardin"]
[Result "0-1"]
[WhiteElo "1729"]
[BlackElo "1839"]
[PlyCount "66"]
[EventDate "2015.05.22"]
[EventType "swiss"]
[EventRounds "7"]
[EventCountry "NED"]
[Source "P.Boonen"]
[SourceDate "2015.10.01"]

1. d4 g6 2. c4 Bg7 3. Nc3 c5 4. d5 Bxc3+ 5. bxc3 Qa5 6. e3 Nf6 7. Nf3 Qxc3+ 8.
Bd2 Qa3 9. Qc2 d6 10. Bd3 Na6 11. O-O Nb4 12. Bxb4 Qxb4 13. a4 Qa5 14. Rab1 Rb8
15. Rb5 Qc7 16. Rb2 O-O 17. Nh4 e6 18. e4 Qe7 19. f4 Ng4 20. g3 Ne3 21. Qc3
Nxf1 22. Kxf1 e5 23. Rf2 exf4 24. Rxf4 Qe5 25. Qd2 Bh3+ 26. Ke2 f5 27. Nf3 Qa1
28. Ng5 Bg4+ 29. Nf3 Rbe8 30. Kf2 fxe4 31. Rxf8+ Rxf8 32. Bxe4 Bxf3 33. Bxf3
Qd4+ 0-1